Quizzes
Events
Quiz Creation
Community
Videos
Private Events
Remove Ads
Sign In
Join for FREE
Feedback
Dark Mode
Quiz Categories
Sports
Geography
Music
Movies
Television
Just For Fun
Miscellaneous
History
Literature
Language
Science
Gaming
Entertainment
Religion
Holiday
For Kids
Quiz Lab
Recent
Popular Today
Quiz Kudos Today
Editor Picks
Curator Picks
Quizzes by...
Day
Popularity
Type
Ratings
Length
Year
Community
Subscriptions
Recent Discussions
Orange Saloon
Badges
Playlists
Quests
Create
Leaderboards
Showdown
Live 5
Trivia Bingo
Activity
Puzzle Library
Sporcle Events
Private Events
Virtual Trivia
Globe League
Become a Host
Pub Owners
SporcleCon
Opinionation
Our Games
Videos
Blog
Mobile Apps
Partnerships
Remove Ads and Go Orange
Feedback
Literature
Harry Potter
A Song of Ice and Fire
The Hunger Games
Literary Character
Shakespeare
Book
Author
Novel
Poem
Young Adult
Children's Books
Play
Lord of the Rings
Literature
Harry Potter
A Song of Ice and Fire
The Hunger Games
Literary Character
Shakespeare
Book
Author
Novel
Poem
Young Adult
Children's Books
Play
Lord of the Rings
Random Quiz
Search Sporcle
×
Quiz Lab
Quiz Lab
Literature
Poem
Type answers that appear on an image
Type answers that appear on an image
Map
Best Score? Go Orange.
Stephen King Tommyknockers Stats
Can you identify the poem by Willow Cochrane that Stephen King used in one of his books?
By
CGMFan1
4m
30 Questions
82 Plays
82 Plays
82 Plays
Comments
Comments
Give Quiz Kudos
Give Quiz Kudos
-
- Ratings
hide this ad
Replay
Link that replays current quiz
Next Quiz
Link to next quiz in quiz playlist
You Got
0%
They Got
Avg Score
52%
Avg Friend Score
Upgrade to see
Score Distribution
Jump to the score distribution portion of the page
Score
0/30
Timer
04:00
0
Plays Today
% Correct
the
82.7%
the
82.7%
I
77.8%
I
77.8%
Tommyknocker
70.4%
at
64.2%
and
63%
knocking
61.7%
door.
61.7%
my
60.5%
Tommyknockers,
56.8%
Tommyknockers
56.8%
last
51.9%
night
51.9%
night
51.9%
% Correct
before,
49.4%
Late
48.1%
of
46.9%
if
45.7%
afraid
45.7%
can,
44.4%
so
44.4%
don't
42%
I'm
42%
Man.
42%
go
39.5%
know
38.3%
out,
35.8%
wanna
24.7%
'cuz
16%
Quiz Playlist
Details
Report
Send in Message
Add To Playlist
Map:
Type answers that appear on an image
Quiz Source
Last Updated: Feb 1, 2018
Quiz Scoreboard
CHALLENGE
Sign Up to Join the Scoreboard
Show All
Scores
Hide
Comments
May contain spoilers
Recently Published
One Thing in Common: World Cities II
by knightlancer
Geography
7m
Popular People in 1961
by mucciniale
History
6m
1-10 Letter E Words III
by El_Dandy
Language
2m
More to Explore
Quiz From the Vault
Featured Blog Post
Where Did the Easter Bunny Come From?
hide this ad
You Might Also Like...
Tags
Book Quiz
Poem Quiz
Book Titles
horror
Scariest Horror
sci-fi
Sci-fi Television
Stephen King
Supernatural Horror
Today's Top Quizzes in Literature
Browse Literature
hide this ad
Today's Top Quizzes in Poem
Browse Poem
Top Contributed Quizzes in Literature
1
Sneaky Slytherin Logic Puzzle
2
Get The Picture: Black or White Literature
3
One Thing in Common: Literature
4
Weasley Family Reunion: Logic Puzzle
5
Lily Potter Start to Finish
6
ASOIAF Logic Puzzle [Difficult] [Read Note first!!]
7
James Potter Start to Finish
8
One piece logic quiz 3 (Hard difficulty)
9
Dobby's Dilemma: Logic Puzzle
10
Keeper of the Lost Cities Logic Puzzle
Explore More
Trending Topics
Disney
Harry Potter
Anime
Kpop
Crossword
NBA
Marvel
Song
Soccer
NFL
WWE
The Office
Country
Pokémon
Puzzle
hide this ad
More By:
CGMFan1
Quiz
Plays
Rating
Category
Featured
Created
IMDb: One Word Movie
35,322
4.61
Movies
Jan 5, 2019
McDonald's First Menu
22,360
4.67
Miscellaneous
Feb 25, 2018
Country Leadership Flags
19,202
4.66
Geography
Dec 16, 2016
Superhero NFL Logos
18,967
4.29
Sports
Sep 21, 2017
Bond: Impossible
17,223
4.54
Movies
Jan 1, 2019
Go to Creator's Profile
Score Distribution
Quiz Creator Spotlight
CGMFan1
Follow
Send a Message
Quizzes Created
-
Created Quiz Play Count
-
More By This Creator
Popular Quizzes Today
1
Find the US States - No Outlines Minefield
2
The Countries of the World
3
Popular People in 1961
4
Find the Countries of Europe - No Outlines Minefield
5
1-10 Letter E Words III
6
Find the US States
7
One Thing in Common: World Cities II
8
US States
More Literature Quizzes
First Half/Last Half: Literature
Published
Trending Quizzes
Country Music Stars Doing Things
Get the Picture: Carrie or Dolly
1-10 Letter F Words
1-10 Letter G Words
Risky Map Clicking: Next State Alphabetically
Recently Updated
Leaping Animals
pecheneg
Reality TV Shows (A-Z)
bhenderson79
Rickey Henderson's Hall of Fame Teammates
pecheneg
Champions League XIs: Arsenal
pecheneg
Quick Pick: Celebrities in WWE's Hall of Fame
aduchscher
A-Z Keypad Blitz II
pecheneg
Multiple Oscar Actors
pecheneg
Mystery Phrase Blitz: Oscar 'Best Actors'
pecheneg
F. Scott Fitzgerald Novels
LTH
Pick 3 Villains
ddd62291
Trending Topics
Kpop
Harry Potter
Disney
Crossword
Marvel
Anime
NBA
Puzzle
Soccer
NFL
Pokémon
Country
The Office
WWE
Song
Your Account Isn't Verified!
In order to create a playlist on Sporcle, you need to verify the email address you used during registration. Go to your
Sporcle Settings
to finish the process.
Report this User
Report this user for behavior that violates our
Community Guidelines
.
Details:
Send Report
Go to the Sporcle.com Mobile Site →
Comments